Morgan Wallen - Last Night (Lyrics) - Statistics

General Stats
  • This quiz has been taken 2,171 times
  • The average score is 278 of 358
Answer Stats
Lyrics % Correct
Last
100%
last
100%
night
99%
we
99%
the
98%
I
97%
let
97%
talk
97%
a
94%
liquor
94%
said
94%
but
93%
But
93%
it
92%
remember
92%
You
92%
you
92%
all
91%
can't
91%
everything
90%
me
89%
to
88%
baby
85%
was
85%
wish
84%
never
83%
told
83%
that
82%
ain't
81%
met
81%
over
81%
somebody
81%
yet
81%
tellin'
80%
this
79%
your
78%
Your
78%
No
76%
way
72%
our
69%
kiss
68%
of
68%
lips
67%
And
66%
and
66%
know
66%
fingertips
65%
go
65%
grip
63%
love
63%
shit
63%
up
63%
with
63%
don't
62%
in
62%
In
62%
Make
62%
say
62%
bottle
61%
Jack
61%
split
60%
for
59%
mean
58%
fight
57%
sheets
57%
sip
56%
talkin'
54%
about
52%
fifth
52%
goin'
52%
life
51%
wake
51%
right
50%
still
50%
yeah
50%
Yeah
50%
call
49%
back
48%
I'm
48%
somethin's
48%
what
48%
gon'
47%
tail
47%
bluff
46%
break
45%
dust
45%
lights
45%
middle
45%
see
45%
Just
44%
Oh
44%
friends
43%
my
43%
door
42%
hell
42%
her
42%
left
40%
mama
40%
slammed
40%
before
39%
else
38%
packed
38%
time
38%
wouldn't
38%
nothin'
37%
kind
36%
trade
36%
comin'
35%
much
35%
pull
35%
too
35%
again
34%
enough
33%
had
33%
really
31%
weren't
31%
called
23%
we'd
18%
on
16%
No matching quizzes found
Score Distribution
Percent of People with Each Score
Percentile by Number Answered
Your Score History
You have not taken this quiz